| 000 | 00690nam a2200193Ia 4500 | ||
|---|---|---|---|
| 008 | 151121s9999||||xx |||||||||||||| ||und|| | ||
| 082 | _a181।4/पालखी | ||
| 082 | _bHNW-47203 | ||
| 100 | _aपालखीवाला नानी | ||
| 245 | _aभारताचा अमोल ठेवा | ||
| 260 | _b"भारतीय विचार साधना , मुंबई।" | ||
| 260 | _c-- | ||
| 300 | _a54 | ||
| 600 | _aपालखीवाला नानी | ||
| 630 | _aभारताचा अमोल ठेवा | ||
| 700 | _aपालखीवाला नानी | ||
| 730 | _aभारताचा अमोल ठेवा | ||
| 942 | _cBOOK | ||
| 999 |
_c1233395 _d1233392 |
||